Верификация баланса тепловой сети района; Известия Томского политехнического университета [Известия ТПУ]; Т. 305, вып. 2 : труды II-го семинара вузов Сибири и Дальнего Востока по теплофизике и теплоэнергетике, Томск, 24-25 октября 2001 г.

Detalles Bibliográficos
Parent link:Известия Томского политехнического университета [Известия ТПУ]/ Томский политехнический университет (ТПУ).— , 2000-
Т. 305, вып. 2 : труды II-го семинара вузов Сибири и Дальнего Востока по теплофизике и теплоэнергетике, Томск, 24-25 октября 2001 г..— 2002.— [С. 206-210]
Autor principal: Губин В. Е. Владимир Евгеньевич
Otros Autores: Косяков С. А.
Sumario:Заглавие с титульного листа
Электронная версия печатной публикации
Представленный подход расчета теплового баланса обследуемого здания имеет ряд преимуществ, главное из которых - выделение в балансе потребления тепловой энергии, необходимой для тепловых потерь через ограждающие конструкции здания, восполнение нормативного воздухообмена и ее необоснованные потери. Для каждого здания может быть обоснован нормативный уровень теплопотребления для характерных режимов. На основе этого затем можно учесть основные факторы, которые объективно влияют на уровень годового теплопотребления.
Lenguaje:ruso
Publicado: 2002
Materias:
Acceso en línea:http://www.lib.tpu.ru/fulltext/v/Bulletin_TPU/2002/v305/i2/38.pdf
Formato: MixedMaterials Electrónico Capítulo de libro
KOHA link:https://koha.lib.tpu.ru/cgi-bin/koha/opac-detail.pl?biblionumber=163608

MARC

LEADER 00000nla2a2200000 4500
001 163608
005 20240212161912.0
035 |a (RuTPU)RU\TPU\book\177506 
035 |a RU\TPU\book\177503 
090 |a 163608 
100 |a 20090819d2002 k y0rusy50 ca 
101 0 |a rus 
102 |a RU 
135 |a drnn ---uucaa 
181 0 |a i  
182 0 |a b 
200 1 |a Верификация баланса тепловой сети района  |f В. Е. Губин, С. А. Косяков 
203 |a Текст  |c электронный 
215 |a 1 файл (763 Кб) 
300 |a Заглавие с титульного листа 
300 |a Электронная версия печатной публикации 
320 |a [Библиогр.: с. 210 (8 назв.)] 
330 |a Представленный подход расчета теплового баланса обследуемого здания имеет ряд преимуществ, главное из которых - выделение в балансе потребления тепловой энергии, необходимой для тепловых потерь через ограждающие конструкции здания, восполнение нормативного воздухообмена и ее необоснованные потери. Для каждого здания может быть обоснован нормативный уровень теплопотребления для характерных режимов. На основе этого затем можно учесть основные факторы, которые объективно влияют на уровень годового теплопотребления. 
337 |a Adobe Reader 
461 1 |0 (RuTPU)RU\TPU\book\176237  |t Известия Томского политехнического университета [Известия ТПУ]  |f Томский политехнический университет (ТПУ)  |d 2000- 
463 1 |0 (RuTPU)RU\TPU\book\177290  |t Т. 305, вып. 2 : труды II-го семинара вузов Сибири и Дальнего Востока по теплофизике и теплоэнергетике, Томск, 24-25 октября 2001 г.  |o тематический выпуск  |f под ред. С. В. Алексеенко, А. С. Заворина, Л. А. Беляева  |v [С. 206-210]  |d 2002  |p 257 с. 
610 1 |a тепловые сети 
610 1 |a системы теплоснабжения 
610 1 |a показатели энергоэффективности 
610 1 |a верификация баланса тепломагистрали 
610 1 |a тепловые потери 
610 1 |a нормативные значения 
610 1 |a тепловой баланс 
610 1 |a потребление тепловой энергии 
610 1 |a воздухообмен 
610 1 |a годовое теплопотребление 
610 1 |a труды учёных ТПУ 
610 1 |a электронный ресурс 
700 1 |a Губин  |b В. Е.  |c специалист в области энергетики  |c доцент Томского политехнического университета, кандидат технических наук  |f 1976-  |g Владимир Евгеньевич  |3 (RuTPU)RU\TPU\pers\25985  |9 11834 
701 1 |a Косяков  |b С. А. 
801 1 |a RU  |b 63413507  |c 20090623  |g PSBO 
801 2 |a RU  |b 63413507  |c 20210415  |g PSBO 
856 4 |u http://www.lib.tpu.ru/fulltext/v/Bulletin_TPU/2002/v305/i2/38.pdf 
942 |c CF